Normal view
MARC view
- Niazi, Sarfaraz,
Entry Personal Name
001 - CONTROL NUMBER
- control field: 3787
003 - CONTROL NUMBER IDENTIFIER
- control field: NUST
005 - DATE AND TIME OF LATEST TRANSACTION
- control field: 20170807102121.0
008 - FIXED-LENGTH DATA ELEMENTS
- fixed length control field: 170807|| aca||aabn | a|a d
040 ## - CATALOGING SOURCE
- Original cataloging agency: NUST
- Transcribing agency: NUST
100 ## - HEADING--PERSONAL NAME
- Personal name: Niazi, Sarfaraz,
- Dates associated with a name: 1949-
670 ## - SOURCE DATA FOUND
- Source citation: Work cat.: (NUST)0: Ghalib, Mirza Asadullah Khan, 1797-1869. 3145, Love sonnets of Ghalib /, 2002.
